| 000 | 01180nam a22002537a 4500 | ||
|---|---|---|---|
| 005 | 20081014114942.0 | ||
| 008 | 081014t xxu||||| |||| 00| p hin d | ||
| 010 | _aHIN-84390 | ||
| 020 |
_c195.00 _a9788181436818 |
||
| 035 | _aHN-56736 | ||
| 037 | _bDBAD / PUB | ||
| 040 |
_aDPL _bHN |
||
| 082 | _a841 | ||
| 100 | _aवसीम बरेलवी | ||
| 245 |
_aआँखों आँखों रहेः _cवसीम बरेलवी _bनयी ग़ज़लें / |
||
| 246 |
_aAankhon Aankhon rahe _bby Waseem Bareilavi |
||
| 260 |
_aनई दिल्ली _bवाणी प्रकाशन _c2008 |
||
| 270 |
_a21-ए, दरियागंज _bनई दिल्ली _e110002 _k23273167 _l23275710 _mvaniprakashan@gmail.com |
||
| 300 |
_a103पृ _c22सेमी (सजिल्द) |
||
| 650 |
_aउर्दू कविता _xहिन्दी में अनुवाद |
||
| 650 |
_aUrdu poetry _xTranslations into Hindi |
||
| 942 |
_2ddc _cHN _mवसीम _h841 |
||
| 999 |
_c16680 _d16680 |
||